| Tag |
First Indicator |
Second Indicator |
Subfields |
| LEADER |
00000cam a22000008a 4500 |
| 001 |
in00000033255 |
| 005 |
20151007060539.0 |
| 008 |
870807s1988 nyuaf b 00011 eng |
| 010 |
|
|
|a 87040310
|
| 020 |
|
|
|a 0670819506 :
|c $19.95
|
| 035 |
|
|
|a (OCoLC)16526861
|
| 035 |
|
|
|9 AAC1109AM
|
| 040 |
|
|
|a DLC
|c DLC
|d TXA
|d UtOrBLW
|
| 043 |
|
|
|a n-cn-nf
|
| 049 |
|
|
|a TXAM
|c [A11693902]
|
| 050 |
0 |
0 |
|a PS3554.A9255
|b G74 1988
|
| 082 |
0 |
|
|a 813/.54
|2 19
|
| 100 |
1 |
|
|a Davidson, James West.
|
| 245 |
1 |
0 |
|a Great heart :
|b the history of a Labrador adventure /
|c James West Davidson and John Rugge.
|
| 264 |
|
1 |
|a New York, NY :
|b Viking,
|c 1988.
|
| 300 |
|
|
|a xii, 385 pages, 17 unnumbered pages of plates :
|b illustrations
|
| 336 |
|
|
|a text
|b txt
|2 rdacontent
|
| 337 |
|
|
|a unmediated
|b n
|2 rdamedia
|
| 338 |
|
|
|a volume
|b nc
|2 rdacarrier
|
| 504 |
|
|
|a Bibliography: pages 361-385.
|
| 500 |
|
|
|a Maps on lining papers.
|
| 600 |
1 |
0 |
|a Hubbard, Leonidas,
|d 1872-1903
|x Fiction.
|
| 600 |
1 |
0 |
|a Hubbard, Mina
|x Fiction.
|
| 600 |
1 |
0 |
|a Wallace, Dillon,
|d 1863-1939
|x Fiction.
|
| 600 |
1 |
0 |
|a Elson, George
|x Fiction.
|
| 651 |
|
0 |
|a Labrador (N.L.)
|x Discovery and exploration
|x Fiction.
|
| 700 |
1 |
|
|a Rugge, John.
|
| 999 |
|
|
|a MARS
|
| 999 |
f |
f |
|s 74361dae-2e9c-3cfd-88e0-67b3298f1cad
|i 920efd44-a49d-3b66-baef-6799f350c243
|t 0
|
| 952 |
f |
f |
|p ric
|a Texas A&M University
|b Rellis Campus
|c Joint Library Facility
|d Remote Storage
|t 0
|e PS3554.A9255 G74 1988
|h Library of Congress classification
|i unmediated -- volume
|m A14811693902
|
| 998 |
f |
f |
|a PS3554.A9255 G74 1988
|t 0
|l Remote Storage
|